000 00253nam a2200097Ia 4500
008 230907s9999||||xx |||||||||||||| ||und||
082 _a620.11292
_bPRO
245 0 _aProperties and characterization of modern materials /
300 _a452 p.
942 _cBK
999 _c599282
_d599282